| 000 | 00571cam a2200193 a 4500 | ||
|---|---|---|---|
| 001 | 000008454 | ||
| 005 | 20200929161338.0 | ||
| 008 | 810826s1972 ve 000 0 spa | ||
| 040 |
_aDO-SdBNP _bspa _cBNPHU |
||
| 082 |
_aV863.44 _bC335c |
||
| 100 | 1 |
_aCasanova, Eduardo, _d1939- _922744 |
|
| 245 | 1 | 4 |
_aLos caballos de la colera : _bnovela / _cEduardo Casanova. |
| 260 |
_aCaracas : _bMonte Avila, _c1972. |
||
| 300 |
_a334 p. ; _c18 cm. |
||
| 490 | 1 | _aContinente | |
| 650 | 4 |
_aNovela venezolana _93962 |
|
| 650 | 4 |
_aLiteratura venezolana _93816 |
|
| 830 | 0 |
_aContinente _95070 |
|
| 999 |
_c8225 _d8225 |
||